[Event "Swiss Queens Wed #41"]
[Site "FIDE Online Arena INT"]
[Date "2024.11.06"]
[Round "2"]
[White "Aishani, Pathak"]
[Black "Nik Ahmad Farouqi, Nik Aimee Camilla"]
[Result "1-0"]
[WhiteElo "1766"]
[BlackElo "1472"]
[PlyCount "111"]
[EventDate "2024.11.06"]
[EventType "swiss (blitz)"]
[EventRounds "11"]
[EventCountry "NET"]
[SourceTitle "CB45_2024"]
[Source "ChessBase"]
[SourceDate "2024.11.06"]
[SourceVersion "1"]
[SourceVersionDate "2024.11.06"]
[SourceQuality "1"]

1. d4 d5 2. c4 e6 3. cxd5 exd5 4. Nc3 Nf6 5. Bg5 Be7 6. e3 0-0 7. Qc2 h6 8. Bh4 Bd7 9. Bd3 c6 10. Nge2 Be6 11. 0-0 Nbd7 12. f3 Nb6 13. Bf2 Nc4 14. e4 dxe4 15. fxe4 Rc8 16. Nf4 b5 17. Nxe6 fxe6 18. Qb3 Nd2 19. Qxe6+ Kh8 20. Rfd1 Nc4 21. Bxc4 bxc4 22. Qxc4 Ng4 23. Rf1 a5 24. Bg3 Rxf1+ 25. Qxf1 Qxd4+ 26. Kh1 Rf8 27. Qa6 c5 28. Qxa5 Ne3 29. Qc7 Qd2 30. Rg1 Bf6 31. Qxc5 Ng4 32. Qxf8+ Kh7 33. Qc8 Ne5 34. Qf5+ Kg8 35. Bxe5 Bxe5 36. Qxe5 Qxb2 37. h3 Qb7 38. Qd5+ Qxd5 39. Nxd5 Kf7 40. Rf1+ Ke6 41. Rf5 g5 42. Ne3 Kd6 43. Kg1 Kc6 44. Kf1 Kd6 45. Ke2 Ke6 46. Kd3 Ke7 47. Kd4 Kd7 48. Rf6 h5 49. Kd5 g4 50. Rf7+ Ke8 51. Ke6 Kd8 52. Nd5 Kc8 53. Kd6 Kb8 54. Kc6 Ka8 55. Nb6+ Kb8 56. Rb7# 1-0

[Event "Swiss Queens Wed #41"]
[Site "FIDE Online Arena INT"]
[Date "2024.11.06"]
[Round "8"]
[White "Aishani, Pathak"]
[Black "Verbin, Valentina"]
[Result "0-1"]
[WhiteElo "1766"]
[BlackElo "2093"]
[PlyCount "66"]
[EventDate "2024.11.06"]
[EventType "swiss (blitz)"]
[EventRounds "11"]
[EventCountry "NET"]
[SourceTitle "CB45_2024"]
[Source "ChessBase"]
[SourceDate "2024.11.06"]
[SourceVersion "1"]
[SourceVersionDate "2024.11.06"]
[SourceQuality "1"]

1. d4 d6 2. c4 e5 3. dxe5 dxe5 4. Qc2 Nf6 5. Nc3 g6 6. e4 Bg7 7. Nf3 0-0 8. Bd3 Nc6 9. Bg5 Bg4 10. 0-0-0 Bxf3 11. gxf3 Nd4 12. Qa4 Nxf3 13. Be2 Nd4 14. Nd5 c6 15. Bxf6 Nxe2+ 16. Kb1 Bxf6 17. Nxf6+ Qxf6 18. Qc2 Nd4 19. Qd2 Rad8 20. Qe3 Qf4 21. Qe1 Nf3 22. Qb4 Nd2+ 23. Ka1 Nxe4 24. Rxd8 Rxd8 25. Qxb7 Nxf2 26. Rb1 Qxc4 27. Qc7 Rd1 28. Qb8+ Kg7 29. Qxe5+ Kf8 30. Qb8+ Ke7 31. Qxa7+ Kd8 32. Qb6+ Kc8 33. Qxf2 Qd3 0-1

[Event "Swiss Queens Wed #39"]
[Site "FIDE Online Arena INT"]
[Date "2024.10.23"]
[Round "6"]
[White "Aishani, Pathak"]
[Black "Fang, Kun"]
[Result "1-0"]
[WhiteElo "1759"]
[BlackElo "1825"]
[PlyCount "73"]
[EventDate "2024.10.23"]
[EventType "swiss (blitz)"]
[EventRounds "11"]
[EventCountry "NET"]
[SourceTitle "CB44_2024"]
[Source "Chessbase"]
[SourceDate "2024.10.30"]
[SourceVersion "1"]
[SourceVersionDate "2024.10.30"]
[SourceQuality "1"]

1. c4 e5 2. Nc3 Nf6 3. g3 d5 4. Bg2 Be6 5. cxd5 Nxd5 6. Nf3 Nc6 7. 0-0 Be7 8. d4 Nxc3 9. bxc3 e4 10. Nd2 f5 11. Nb3 0-0 12. f3 exf3 13. Bxf3 Bd5 14. Bf4 Rc8 15. Rc1 Nb8 16. c4 Bxf3 17. Rxf3 Bg5 18. d5 Nd7 19. Qd4 b6 20. Rcf1 Bf6 21. Qd3 g6 22. d6 cxd6 23. Bxd6 Re8 24. Qd5+ Kh8 25. Rd1 Ne5 26. Bxe5 Bxe5 27. Rfd3 Qxd5 28. cxd5 Red8 29. R1d2 Rd7 30. Re3 Bc3 31. Rc2 Rdc7 32. d6 Bd4 33. Nxd4 Rxc2 34. Nxc2 Rxc2 35. Re8+ Kg7 36. d7 Rd2 37. d8Q 1-0

[Event "Swiss Queens Wed #37"]
[Site "FIDE Online Arena INT"]
[Date "2024.10.09"]
[Round "11"]
[White "Aishani, Pathak"]
[Black "Injac, Teodora"]
[Result "0-1"]
[WhiteElo "1759"]
[BlackElo "2424"]
[PlyCount "86"]
[EventDate "2024.10.09"]
[EventType "swiss (blitz)"]
[EventRounds "11"]
[EventCountry "NET"]
[SourceTitle "CB42_2024"]
[Source "ChessBase"]
[SourceDate "2024.10.16"]
[SourceVersion "1"]
[SourceVersionDate "2024.10.16"]
[SourceQuality "1"]

1. d4 Nf6 2. c4 g6 3. Nc3 Bg7 4. Bf4 d6 5. Nf3 0-0 6. e3 c5 7. Be2 Bf5 8. h3 Nc6 9. 0-0 cxd4 10. exd4 Ne4 11. Nxe4 Bxe4 12. Be3 d5 13. cxd5 Bxd5 14. b3 Rc8 15. Rc1 Qd6 16. Qd2 Rfd8 17. Bf4 Qd7 18. Bb5 Bxf3 19. gxf3 Qxh3 20. Bxc6 bxc6 21. Bg3 Bxd4 22. Qf4 h5 23. Qh4 Qf5 24. Qxe7 Qxf3 25. Kh2 Re8 26. Qd7 c5 27. Rce1 Red8 28. Qxa7 Bf6 29. Re3 Qf5 30. Kg2 h4 31. Bh2 Rd2 32. Qb7 Rcd8 33. Qc6 Rxa2 34. Re8+ Rxe8 35. Qxe8+ Kg7 36. Qe3 Qg4+ 37. Kh1 Rc2 38. Rg1 Qf5 39. Rf1 Bd4 40. Qe8 Qf3+ 41. Kg1 Bxf2+ 42. Rxf2 Qxf2+ 43. Kh1 Qxh2# 0-1

[Event "Swiss Queens Wed #37"]
[Site "FIDE Online Arena INT"]
[Date "2024.10.09"]
[Round "8"]
[White "Aishani, Pathak"]
[Black "Shanmathi Sree, S."]
[Result "0-1"]
[WhiteElo "1759"]
[BlackElo "1762"]
[PlyCount "84"]
[EventDate "2024.10.09"]
[EventType "swiss (blitz)"]
[EventRounds "11"]
[EventCountry "NET"]
[SourceTitle "CB42_2024"]
[Source "ChessBase"]
[SourceDate "2024.10.16"]
[SourceVersion "1"]
[SourceVersionDate "2024.10.16"]
[SourceQuality "1"]

1. d4 Nf6 2. c4 g6 3. Nc3 Bg7 4. Bf4 0-0 5. e3 d6 6. Nf3 Nbd7 7. Be2 c5 8. h3 cxd4 9. exd4 Re8 10. 0-0 Nf8 11. Re1 a6 12. Rc1 Bd7 13. Qb3 Rb8 14. c5 Ne6 15. Bh2 Bc6 16. d5 Nxc5 17. Qc4 b5 18. Qb4 Bxd5 19. Red1 a5 20. Qf4 Ne6 21. Qd2 Bxf3 22. Bxf3 Qb6 23. b3 Rbd8 24. Nd5 Nxd5 25. Bxd5 Rc8 26. Re1 Nc5 27. Qf4 e6 28. Be4 Be5 29. Qd2 Bxh2+ 30. Kxh2 Nxe4 31. Rxe4 Rxc1 32. Qxc1 Qxf2 33. Qc6 Rd8 34. Qxb5 d5 35. Qxa5 dxe4 36. Qxd8+ Kg7 37. Qd6 e3 38. Qe5+ f6 39. Qxe6 e2 40. Qe7+ Kh6 41. Qf8+ Kg5 42. Qc5+ Qxc5 0-1

[Event "Swiss Queens Wed #37"]
[Site "FIDE Online Arena INT"]
[Date "2024.10.09"]
[Round "4"]
[White "Khamdamova, Afruza"]
[Black "Aishani, Pathak"]
[Result "1-0"]
[WhiteElo "2330"]
[BlackElo "1759"]
[PlyCount "55"]
[EventDate "2024.10.09"]
[EventType "swiss (blitz)"]
[EventRounds "11"]
[EventCountry "NET"]
[SourceTitle "CB42_2024"]
[Source "ChessBase"]
[SourceDate "2024.10.16"]
[SourceVersion "1"]
[SourceVersionDate "2024.10.16"]
[SourceQuality "1"]

1. e4 c5 2. Nf3 Nc6 3. d4 cxd4 4. Nxd4 g6 5. c4 Bg7 6. Be3 Nf6 7. Nc3 Ng4 8. Qxg4 Nxd4 9. Qd1 e5 10. Bd3 0-0 11. 0-0 d6 12. Nd5 f5 13. exf5 Bxf5 14. Bxf5 Nxf5 15. Qd2 Nxe3 16. Qxe3 b6 17. Rad1 Rc8 18. b3 Kh8 19. Qh3 Rf5 20. Nc3 Rh5 21. Qg3 Bh6 22. h3 Bf4 23. Qg4 Rh4 24. Qe6 Rc5 25. Rxd6 Qg5 26. Ne4 Qh5 27. Qf6+ Kg8 28. Rd8# 1-0

[Event "Swiss Queens Wed #23"]
[Site "FIDE Online Arena INT"]
[Date "2024.07.03"]
[Round "3"]
[White "Aishani, Pathak"]
[Black "Gorli, Nyna"]
[Result "0-1"]
[WhiteElo "1579"]
[BlackElo "1872"]
[PlyCount "66"]
[EventDate "2024.07.03"]
[EventType "swiss (blitz)"]
[EventRounds "11"]
[EventCountry "NET"]
[SourceTitle "CBM 221 Extra"]
[Source "ChessBase"]
[SourceDate "2024.09.30"]
[SourceVersion "1"]
[SourceVersionDate "2024.09.30"]
[SourceQuality "1"]

1. d4 Nf6 2. c4 g6 3. Nc3 Bg7 4. Nf3 0-0 5. g3 d6 6. Bg2 Nbd7 7. 0-0 c5 8. d5 a6 9. a4 Qc7 10. Rb1 e6 11. e4 e5 12. Qe2 Ne8 13. b4 b6 14. Ba3 f5 15. Ng5 Ndf6 16. bxc5 bxc5 17. f4 h6 18. Nh3 fxe4 19. Nxe4 Nxe4 20. Qxe4 Bf5 21. Qe2 Bxb1 22. Rxb1 Rb8 23. Rxb8 Qxb8 24. fxe5 Qb1+ 25. Bf1 Bxe5 26. Nf4 g5 27. Ne6 Rf6 28. Kg2 Ng7 29. Nxg7 Kxg7 30. h4 Bd4 31. Qe7+ Rf7 32. Qe6 Qxf1+ 33. Kh2 Rf2# 0-1

[Event "Swiss Queens Wed #16"]
[Site "FIDE Online Arena INT"]
[Date "2024.05.15"]
[Round "11"]
[White "Aishani, Pathak"]
[Black "Alvarez, Mia Morena"]
[Result "1-0"]
[WhiteElo "1578"]
[BlackElo "1665"]
[PlyCount "125"]
[EventDate "2024.05.15"]
[EventType "swiss (blitz)"]
[EventRounds "11"]
[EventCountry "NET"]
[SourceTitle "CBM 220 Extra"]
[Source "ChessBase"]
[SourceDate "2024.07.31"]
[SourceVersion "1"]
[SourceVersionDate "2024.07.31"]
[SourceQuality "1"]

1. d4 d5 2. c4 c6 3. cxd5 cxd5 4. Nc3 Nf6 5. Bg5 e6 6. e3 Be7 7. Nf3 h6 8. Bf4 Nc6 9. Bb5 Bd7 10. 0-0 0-0 11. Rc1 a6 12. Bd3 Nb4 13. Bb1 Rc8 14. Qd2 Nc6 15. Na4 Na5 16. Nc5 Nc4 17. Qe2 Bxc5 18. dxc5 Qe7 19. b3 Na3 20. Bd6 Qe8 21. Bxf8 Qxf8 22. Bd3 Rxc5 23. Rxc5 Qxc5 24. Ne5 Be8 25. Qb2 Nb5 26. Rc1 Qe7 27. Bxb5 Bxb5 28. Rc8+ Kh7 29. Qb1+ g6 30. Qc1 Ne4 31. Rc7 Qe8 32. Rxf7+ Kg8 33. Rc7 Bc6 34. Nxc6 bxc6 35. Qxc6 Qxc6 36. Rxc6 Nd2 37. Rxe6 Nb1 38. Rxa6 Nc3 39. a4 Ne2+ 40. Kf1 Nc1 41. Rxg6+ Kf7 42. Rxh6 Nxb3 43. Rh5 Nc5 44. Rxd5 Nxa4 45. Rd4 Nb6 46. h4 Nc8 47. g4 Ne7 48. f4 Ng6 49. h5 Nh4 50. Kf2 Kg7 51. Kg3 Ng6 52. hxg6 Kxg6 53. Rd6+ Kf7 54. Kh4 Ke7 55. Ra6 Kf7 56. Kg5 Kg7 57. Ra7+ Kf8 58. Kf6 Ke8 59. e4 Kd8 60. g5 Ke8 61. g6 Kd8 62. g7 Kc8 63. g8R# 1-0

[Event "Swiss Queens Wed #16"]
[Site "FIDE Online Arena INT"]
[Date "2024.05.15"]
[Round "4"]
[White "Aishani, Pathak"]
[Black "Tripurambika, V."]
[Result "1-0"]
[WhiteElo "1578"]
[BlackElo "1625"]
[PlyCount "123"]
[EventDate "2024.05.15"]
[EventType "swiss (blitz)"]
[EventRounds "11"]
[EventCountry "NET"]
[SourceTitle "CBM 220 Extra"]
[Source "ChessBase"]
[SourceDate "2024.07.31"]
[SourceVersion "1"]
[SourceVersionDate "2024.07.31"]
[SourceQuality "1"]

1. d4 d5 2. c4 e6 3. cxd5 exd5 4. Nc3 Nf6 5. Bg5 Be7 6. Qc2 0-0 7. e3 Nbd7 8. Bd3 h6 9. Bh4 b6 10. Nge2 Bb7 11. 0-0 c5 12. Qd2 a6 13. Rac1 Rc8 14. Bb1 b5 15. dxc5 Nxc5 16. Nf4 Nfe4 17. Nxe4 Nxe4 18. Bxe4 dxe4 19. Qxd8 Bxd8 20. Rxc8 Bxc8 21. Bg3 Bf6 22. b3 Bf5 23. Rc1 Rd8 24. h3 Rd2 25. a4 bxa4 26. bxa4 Ra2 27. Rc4 Bd7 28. Rxe4 Bxa4 29. Nd5 Bb2 30. Rb4 Bb5 31. Nc7 Ba3 32. Rd4 Ra1+ 33. Kh2 Be2 34. Ne8 Bc5 35. Rd8 Kh7 36. Rd7 Kg6 37. Nc7 a5 38. Nd5 a4 39. Nf4+ Kh7 40. Nxe2 a3 41. Nc3 Rc1 42. Ne4 a2 43. Be5 Ba7 44. Rxa7 Rf1 45. Rxa2 Rd1 46. Bg3 f6 47. Ra7 Rf1 48. Nxf6+ Kg6 49. Ng4 h5 50. Ne5+ Kf5 51. Nf3 g5 52. Rf7+ Ke6 53. Nxg5+ Kd5 54. Bh4 Kc4 55. Kg3 Kc3 56. Rc7+ Kd2 57. Ne4+ Ke2 58. Rd7 Ke1 59. Rd2 Rg1 60. Be7 Rf1 61. Kf3 Rxf2+ 62. Rxf2 1-0

[Event "Swiss Queens Wed #16"]
[Site "FIDE Online Arena INT"]
[Date "2024.05.15"]
[Round "7"]
[White "Vifleemskaia, Svetlana"]
[Black "Aishani, Pathak"]
[Result "1-0"]
[WhiteElo "1942"]
[BlackElo "1578"]
[PlyCount "133"]
[EventDate "2024.05.15"]
[EventType "swiss (blitz)"]
[EventRounds "11"]
[EventCountry "NET"]
[SourceTitle "CBM 220 Extra"]
[Source "ChessBase"]
[SourceDate "2024.07.31"]
[SourceVersion "1"]
[SourceVersionDate "2024.07.31"]
[SourceQuality "1"]

1. d4 d5 2. c4 c6 3. cxd5 cxd5 4. Bf4 Nc6 5. e3 Nf6 6. Nc3 a6 7. Bd3 b5 8. Rc1 Bb7 9. Nf3 e6 10. h3 Bd6 11. 0-0 Bxf4 12. exf4 0-0 13. Bb1 Qd6 14. Ne5 Rac8 15. g4 h6 16. Qd3 Nb4 17. Qe2 Nc6 18. Rcd1 Ne7 19. f3 b4 20. Na4 g6 21. Nc5 Qc7 22. Rfe1 Qb6 23. Ned7 Nxd7 24. Nxd7 Qd6 25. Nxf8 Kxf8 26. Qe5 Qxe5 27. fxe5 g5 28. f4 gxf4 29. Rf1 Bc6 30. Rxf4 Ba4 31. b3 Bb5 32. Rf2 Rc3 33. Kg2 Ng6 34. Bxg6 Be8 35. Bb1 Kg7 36. Rc2 Re3 37. Rf2 Bb5 38. h4 a5 39. Rc1 a4 40. bxa4 Bxa4 41. Rcf1 Be8 42. Bc2 Rc3 43. Rb1 Rc4 44. Rd2 f6 45. exf6+ Kxf6 46. Kf2 Ke7 47. Ke3 Kd6 48. Bd3 Rc3 49. Rxb4 Bg6 50. Rb3 Rxb3 51. axb3 Bxd3 52. Rxd3 Kc6 53. Kf4 Kb5 54. Re3 Kb4 55. Ke5 h5 56. gxh5 Ka3 57. h6 Ka2 58. h7 Ka1 59. h8Q Ka2 60. Kxe6 Ka1 61. Kxd5 Ka2 62. b4 Ka1 63. b5 Ka2 64. b6 Ka1 65. b7 Ka2 66. b8Q Ka1 67. Ra3# 1-0

[Event "Commonwealth-ch U08 Girls"]
[Site "New Delhi"]
[Date "2019.07.07"]
[Round "7.1"]
[White "Aishani, Pathak"]
[Black "Lakshana, Subramanian"]
[Result "0-1"]
[WhiteElo "1213"]
[BlackElo "1155"]
[PlyCount "60"]
[EventDate "2019.07.01"]
[EventType "swiss"]
[EventRounds "7"]
[EventCountry "IND"]
[SourceTitle "EXT 2024"]
[Source "ChessBase"]
[SourceDate "2023.10.10"]
[SourceVersion "1"]
[SourceVersionDate "2023.10.10"]
[SourceQuality "1"]

1. d4 Nf6 2. Bg5 Ne4 3. Bf4 d5 4. f3 Nf6 5. Nc3 e6 6. e4 c5 7. Nb5 Na6 8. e5 Nd7 9. c4 Be7 10. Bg3 0-0 11. cxd5 exd5 12. dxc5 Ndxc5 13. Bd3 Qa5+ 14. Nc3 d4 15. Bxa6 dxc3 16. b4 Qxa6 17. bxc5 Bf5 18. Ne2 Qa5 19. 0-0 Bxc5+ 20. Kh1 Rfd8 21. Qb3 Rac8 22. Be1 Qa6 23. Bh4 Qxe2 24. Bxd8 Rxd8 25. Qxc3 Rd2 26. Rg1 Bh3 27. Qxd2 Qxd2 28. Rad1 Bxg2+ 29. Rxg2 Qxd1+ 30. Rg1 Qxg1# 0-1